[Event "V Festival Magistrale"]
[Site "Teramo ITA"]
[Date "2001.04.29"]
[Round "3"]
[White "Ljubisavljevic, Zivojin Z."]
[Black "Campanile, Roberto"]
[Result "0-1"]
[WhiteElo "2250"]
[BlackElo "2146"]
[PlyCount "104"]
[EventDate "2001.04.28"]

1. b3 e5 2. Bb2 d6 3. e3 Nf6 4. Nf3 Be7 5. c4 O-O 6. d4 exd4 7. Nxd4 d5 8. cxd5
Nxd5 9. Nd2 c5 10. N4f3 Nc6 11. a3 Be6 12. Be2 Bf6 13. Qc2 Bf5 14. Qc1 Rc8 15.
O-O Re8 16. Bxf6 Qxf6 17. Qxc5 Nc3 18. Bb5 b6 19. Qc4 Ne5 20. Nxe5 Rxc4 21.
Bxe8 Rc7 22. f4 Qd8 23. Bxf7+ Rxf7 24. Ndc4 Rc7 25. a4 Bc2 26. Rf2 Bxb3 27. Rd2
Qe7 28. Nd6 g6 29. a5 b5 30. e4 Ne2+ 31. Kh1 Nxf4 32. Nf3 Rc2 33. Rd4 Ne2 34.
Rd3 Bc4 35. Nxc4 bxc4 36. Rd5 Qxe4 37. Rad1 Nc3 38. Rd8+ Kg7 39. Rg1 Qe3 40. h4
Rc1 41. Rxc1 Qxc1+ 42. Kh2 Qf4+ 43. Kg1 Ne4 44. Rc8 c3 45. Rc4 Qe3+ 46. Kh2 Qd3
47. Rc7+ Kf6 48. Rc6+ Ke7 49. Rc7+ Kd8 50. Rc6 c2 51. a6 Qd1 52. Re6 Nc5 0-1

[Event "I Memorial Corrado Bitti A"]
[Site "Cagliari ITA"]
[Date "2001.03.17"]
[Round "1"]
[White "Basciu, Simone"]
[Black "Puzzoni, Christian"]
[Result "1-0"]
[WhiteElo "2157"]
[BlackElo "1897"]
[PlyCount "73"]
[EventDate "2001.03.17"]

1. d4 Nf6 2. Nf3 c5 3. d5 e6 4. Nc3 b5 5. dxe6 fxe6 6. Nxb5 Qa5+ 7. Nc3 d5 8.
e3 a6 9. Be2 Bd6 10. O-O Nc6 11. Ng5 O-O 12. e4 h6 13. exd5 exd5 14. Nxd5 hxg5
15. Nxf6+ Rxf6 16. Bxg5 Qc7 17. Bxf6 Bxh2+ 18. Kh1 gxf6 19. g3 Be6 20. Qd3 Kg7
21. Kxh2 Rh8+ 22. Kg2 Bh3+ 23. Kg1 Ne5 24. Qe4 Bc8 25. Rfd1 Qf7 26. Rd5 Qe6 27.
Rxc5 Qh3 28. Rc7+ Bd7 29. Rd1 Kf8 30. Qb4+ Ke8 31. Qe4 Qh2+ 32. Kf1 Bh3+ 33.
Ke1 Bd7 34. Rdxd7 Qh1+ 35. Qxh1 Rxh1+ 36. Kd2 Nxd7 37. Bxa6 1-0

[Event "I Memorial Corrado Bitti A"]
[Site "Cagliari ITA"]
[Date "2001.03.17"]
[Round "1"]
[White "Clementini, Lorenzo"]
[Black "Marras, Giuseppe"]
[Result "0-1"]
[WhiteElo "1820"]
[BlackElo "1734"]
[PlyCount "78"]
[EventDate "2001.03.17"]

1. d4 Nf6 2. c4 g6 3. Nc3 Bg7 4. e4 d6 5. f4 c5 6. d5 O-O 7. Nf3 e6 8. Be2 exd5
9. cxd5 Re8 10. e5 dxe5 11. fxe5 Ng4 12. Bf4 Nxe5 13. O-O Nxf3+ 14. Bxf3 Nd7
15. d6 Bd4+ 16. Kh1 Ne5 17. Nb5 Nxf3 18. Qxf3 Bf5 19. Nc7 Bxb2 20. Nxe8 Qxe8
21. Rae1 Qb5 22. Re7 Bg4 23. Qf2 Bd4 24. Qe1 Bf6 25. Re3 Bd4 26. Re7 Bf6 27.
Re3 Bd4 28. Re7 Bf6 29. Rc7 Re8 30. Qb1 Bb2 31. Bh6 Bf5 32. Qd1 Bd4 33. a4 Qb2
34. d7 Rd8 35. Qf3 Qa2 36. Rc8 Rxc8 37. Qxf5 Rd8 38. Bg5 gxf5 39. Bxd8 Qd5 0-1

[Event "I Memorial Corrado Bitti A"]
[Site "Cagliari ITA"]
[Date "2001.03.17"]
[Round "1"]
[White "Ravagnani, Tiziano"]
[Black "Atzeni, Franco"]
[Result "0-1"]
[WhiteElo "1824"]
[BlackElo "1834"]
[PlyCount "70"]
[EventDate "2001.03.17"]

1. e4 e5 2. Nf3 Nc6 3. d4 exd4 4. Nxd4 g6 5. Nc3 Bg7 6. Nxc6 bxc6 7. Bc4 Ne7 8.
O-O O-O 9. Bg5 h6 10. Be3 Bb7 11. Qd2 d5 12. exd5 cxd5 13. Bc5 dxc4 14. Qxd8
Rfxd8 15. Bxe7 Rd2 16. Rfd1 Rxc2 17. Ba3 Bxc3 18. bxc3 Rxc3 19. Bc5 Rd3 20. Be3
Rad8 21. Rxd3 cxd3 22. Kf1 Rd5 23. Ke1 Rh5 24. g3 Ba6 25. Rc1 Ra5 26. Rxc7 Rxa2
27. Rxa7 Re2+ 28. Kd1 Bc4 29. Ra3 g5 30. g4 Kf8 31. Rc3 Bb5 32. h3 Ba4+ 33. Kc1
Re1+ 34. Kb2 Rxe3 35. fxe3 d2 0-1

[Event "I Memorial Corrado Bitti A"]
[Site "Cagliari ITA"]
[Date "2001.03.17"]
[Round "1"]
[White "Saba, Carlo"]
[Black "Ibba, Isacco"]
[Result "1-0"]
[WhiteElo "1695"]
[BlackElo "1864"]
[PlyCount "85"]
[EventDate "2001.03.17"]

1. Nf3 Nf6 2. g3 g6 3. Bg2 Bg7 4. O-O c5 5. c4 Nc6 6. Nc3 O-O 7. d4 cxd4 8.
Nxd4 Nxd4 9. Qxd4 d6 10. e4 Nd7 11. Qd2 Ne5 12. b3 Qa5 13. Bb2 Be6 14. Rad1
Bxc4 15. bxc4 Nxc4 16. Qd5 Qxd5 17. Nxd5 Bxb2 18. Nxe7+ Kg7 19. Nd5 Rac8 20.
Rb1 Rc5 21. Rfd1 b5 22. Bf1 Rb8 23. Nb4 Rb6 24. Nd3 Bd4 25. Nxc5 dxc5 26. Bxc4
bxc4 27. Rxb6 axb6 28. a4 Kf6 29. Kf1 Ke5 30. f3 c3 31. Ke2 c4 32. Rb1 Bc5 33.
Rd1 Bd4 34. Rb1 Bc5 35. Rd1 Ke6 36. Rd5 Bg1 37. h3 Bh2 38. g4 Bf4 39. Kd1 f6
40. Kc2 Be5 41. Rb5 Bd4 42. f4 Kd6 43. Rd5+ 1-0

[Event "I Memorial Corrado Bitti A"]
[Site "Cagliari ITA"]
[Date "2001.03.18"]
[Round "2"]
[White "Atzeni, Franco"]
[Black "Ibba, Isacco"]
[Result "0-1"]
[WhiteElo "1834"]
[BlackElo "1864"]
[PlyCount "78"]
[EventDate "2001.03.17"]

1. e4 Nf6 2. e5 Nd5 3. c4 Nb6 4. d4 d6 5. Nf3 g6 6. Nc3 Bg7 7. Be3 Nc6 8. exd6
cxd6 9. c5 dxc5 10. dxc5 Nd7 11. Bb5 Qa5 12. Qa4 Bxc3+ 13. bxc3 Qxc3+ 14. Ke2
Qb2+ 15. Nd2 O-O 16. Rhb1 Qe5 17. Nf3 Qh5 18. Bxc6 bxc6 19. Qxc6 Ne5 20. Qa4
Bf5 21. Rd1 Rab8 22. Rd2 Nxf3 23. gxf3 e5 24. Qd1 e4 25. Qh1 exf3+ 26. Ke1 Bh3
27. Rad1 Rfe8 28. Qg1 Qxc5 29. Ra1 Qc3 30. Rad1 Rxe3+ 31. fxe3 Re8 32. Qg5 Kg7
33. Qf4 h5 34. Kf2 Bf5 35. Qd4+ Qxd4 36. Rxd4 g5 37. Rd5 Kg6 38. Rc1 Be4 39.
Rd6+ Kf5 0-1

[Event "I Memorial Corrado Bitti A"]
[Site "Cagliari ITA"]
[Date "2001.03.18"]
[Round "2"]
[White "Marras, Giuseppe"]
[Black "Basciu, Simone"]
[Result "0-1"]
[WhiteElo "1734"]
[BlackElo "2157"]
[PlyCount "136"]
[EventDate "2001.03.17"]

1. d4 d5 2. e4 e6 3. Nc3 dxe4 4. Nxe4 Nd7 5. Nf3 Ngf6 6. Bg5 Be7 7. Nxf6+ Nxf6
8. Bd3 h6 9. Bd2 c5 10. dxc5 Bxc5 11. O-O Qb6 12. Qe2 Bd7 13. Ne5 a6 14. Ng4
Nxg4 15. Qxg4 Bd4 16. Bc3 Bxc3 17. bxc3 O-O 18. Qe4 g6 19. Rab1 Qc6 20. Rxb7
Qxe4 21. Bxe4 Bb5 22. Re1 Rac8 23. Bd3 Bxd3 24. cxd3 Rxc3 25. Rb3 Rfc8 26. Kf1
Rxb3 27. axb3 Rc3 28. Ra1 Rxd3 29. Rxa6 Rxb3 30. Ra4 Kg7 31. Ra7 g5 32. Ra4 Kg6
33. f3 Rb2 34. Kg1 h5 35. h3 h4 36. Kf1 Rd2 37. Kg1 e5 38. Kf1 Kf5 39. Kg1 Rd4
40. Ra2 Kf4 41. Kf2 f5 42. Rb2 e4 43. fxe4 fxe4 44. Rb5 Rd2+ 45. Kf1 Ke3 46.
Rb3+ Rd3 47. Rb1 Rc3 48. Ke1 Ra3 49. Rd1 Ra2 50. Kf1 Rf2+ 51. Kg1 Rd2 52. Re1+
Kd3 53. Ra1 e3 54. Kf1 Rf2+ 55. Kg1 Rc2 56. Kf1 Kd2 57. Re1 Rc8 58. Re2+ Kd3
59. Re1 Rf8+ 60. Kg1 e2 61. Ra1 Ra8 62. Rxa8 e1=Q+ 63. Kh2 Qe5+ 64. Kg1 Qc5+
65. Kh2 Ke3 66. Re8+ Kf2 67. Re4 Qd6+ 68. Kh1 Qd1+ 0-1

[Event "I Memorial Corrado Bitti A"]
[Site "Cagliari ITA"]
[Date "2001.03.18"]
[Round "2"]
[White "Puzzoni, Christian"]
[Black "Saba, Carlo"]
[Result "1-0"]
[WhiteElo "1897"]
[BlackElo "1695"]
[PlyCount "36"]
[EventDate "2001.03.17"]

1. e4 c6 2. Nf3 d5 3. Nc3 d4 4. Ne2 c5 5. Ng3 Nc6 6. Bc4 e5 7. d3 h6 8. c3 Nf6
9. Bd2 Bd6 10. a4 Bd7 11. Nh4 Ne7 12. O-O g5 13. Nh5 Nh7 14. Ng7+ Kf8 15. Qh5
Be8 16. Qxh6 Kg8 17. Nh5 Nf5 18. Nxf5 Bf8 1-0

[Event "I Memorial Corrado Bitti A"]
[Site "Cagliari ITA"]
[Date "2001.03.18"]
[Round "2"]
[White "Ravagnani, Tiziano"]
[Black "Clementini, Lorenzo"]
[Result "1-0"]
[WhiteElo "1824"]
[BlackElo "1820"]
[PlyCount "85"]
[EventDate "2001.03.17"]

1. e4 Nf6 2. e5 Nd5 3. c4 Nb6 4. c5 Nd5 5. Bc4 e6 6. Nc3 Nxc3 7. dxc3 Nc6 8.
Bf4 b6 9. Qg4 Ne7 10. Rd1 bxc5 11. Nf3 Ng6 12. Bg5 Be7 13. h4 h5 14. Qe4 Rb8
15. Bxe6 Rb6 16. Bb3 Bb7 17. Qf5 Rxb3 18. axb3 Nf8 19. b4 Bxf3 20. Qxf3 cxb4
21. Bxe7 Kxe7 22. Qf4 bxc3 23. Qg5+ Ke8 24. Qxd8+ Kxd8 25. bxc3 Rh6 26. f4 Rc6
27. Rh3 g6 28. Rhd3 Ke7 29. Ke2 Ke6 30. Kf3 Kf5 31. Ra1 a6 32. Ra5 Ke6 33. g4
hxg4+ 34. Kxg4 Ke7 35. Rad5 Rc4 36. R5d4 Rc6 37. f5 a5 38. f6+ Ke6 39. Kg5 Rc5
40. Kh6 Kf5 41. Kg7 Ne6+ 42. Kxf7 Rxe5 43. Rf3+ 1-0

[Event "I Memorial Corrado Bitti A"]
[Site "Cagliari ITA"]
[Date "2001.03.18"]
[Round "3"]
[White "Basciu, Simone"]
[Black "Ravagnani, Tiziano"]
[Result "1-0"]
[WhiteElo "2157"]
[BlackElo "1824"]
[PlyCount "143"]
[EventDate "2001.03.17"]

1. d4 Nf6 2. Nf3 g6 3. c4 Bg7 4. Nc3 d5 5. cxd5 Nxd5 6. e4 Nxc3 7. bxc3 c5 8.
Be3 O-O 9. Rc1 Bg4 10. Be2 cxd4 11. cxd4 Qa5+ 12. Qd2 Qxd2+ 13. Kxd2 Nc6 14. d5
Rfd8 15. Rhd1 e6 16. Ke1 exd5 17. exd5 Nb4 18. Bc4 Bb2 19. Rb1 Ba3 20. Rb3 Rac8
21. Bd3 Nxd3+ 22. Rdxd3 Bc5 23. Rxb7 a5 24. Bxc5 Rxc5 25. d6 Kg7 26. h4 Bf5 27.
Rd4 Rc1+ 28. Kd2 Rc2+ 29. Ke3 Rxa2 30. Ne5 Be6 31. d7 Rc2 32. Ra7 Rc5 33. Nd3
Rd5 34. Rxd5 Bxd5 35. g4 Be6 36. g5 Rxd7 37. Rxa5 Rd5 38. Ra7 Bf5 39. Nf4 Re5+
40. Kf3 Rc5 41. Kg3 Rc3+ 42. f3 Rc1 43. Nd5 Be6 44. Nf6 h5 45. Ne8+ Kf8 46. Nf6
Rc3 47. Kf4 Rc4+ 48. Ke5 Rc1 49. Ne4 Bf5 50. Nd6 Re1+ 51. Kf4 Be6 52. Ne4 Rc1
53. Nf6 Rc8 54. Ne4 Rd8 55. Ke3 Rd7 56. Ra8+ Ke7 57. Nf6 Rd8 58. Ra7+ Kd6 59.
Ne4+ Kc6 60. Ra6+ Kb5 61. Ra7 Kb6 62. Ra1 Bf5 63. Rc1 Bxe4 64. fxe4 Rd6 65. e5
Re6 66. Kd4 Kb7 67. Kd5 Rb6 68. Rf1 Rb5+ 69. Kd6 Rb6+ 70. Ke7 Kc7 71. Rc1+ Kb7
72. Kxf7 1-0

[Event "I Memorial Corrado Bitti A"]
[Site "Cagliari ITA"]
[Date "2001.03.18"]
[Round "3"]
[White "Clementini, Lorenzo"]
[Black "Atzeni, Franco"]
[Result "0-1"]
[WhiteElo "1820"]
[BlackElo "1834"]
[PlyCount "60"]
[EventDate "2001.03.17"]

1. d4 d5 2. c4 e6 3. Nc3 Nf6 4. Bg5 c6 5. cxd5 exd5 6. e3 Bd6 7. Bd3 h6 8. Bh4
Be6 9. Nge2 g5 10. Bg3 h5 11. h4 Bxg3 12. Nxg3 gxh4 13. Nf5 Bxf5 14. Bxf5 Rg8
15. Qf3 Ng4 16. O-O-O Qg5 17. Kb1 Nd7 18. e4 O-O-O 19. exd5 cxd5 20. Nxd5 Kb8
21. Rc1 Nh6 22. Bh3 Ng4 23. Rhe1 Ndf6 24. Ne7 Rge8 25. Qb3 Ka8 26. Rc7 Rb8 27.
Qa4 Nd5 28. Rxb7 Nc3+ 29. bxc3 Rxb7+ 30. Ka1 Rexe7 0-1

[Event "I Memorial Corrado Bitti A"]
[Site "Cagliari ITA"]
[Date "2001.03.18"]
[Round "3"]
[White "Ibba, Isacco"]
[Black "Puzzoni, Christian"]
[Result "1-0"]
[WhiteElo "1864"]
[BlackElo "1897"]
[PlyCount "61"]
[EventDate "2001.03.17"]

1. e4 d5 2. exd5 c6 3. dxc6 e5 4. cxb7 Bxb7 5. Bb5+ Nc6 6. Qe2 Qc7 7. Nf3 O-O-O
8. O-O Bd6 9. Nc3 Nd4 10. Qc4 Nxb5 11. Qg4+ Kb8 12. Nxb5 Qb6 13. Nxd6 Qxd6 14.
Qg3 f6 15. d4 Bxf3 16. dxe5 fxe5 17. Qxf3 Nf6 18. Bg5 Rhf8 19. Rad1 Qa6 20. Qf5
Rxd1 21. Rxd1 Qe2 22. Qd3 Qxd3 23. Rxd3 Rc8 24. Bxf6 gxf6 25. Rb3+ Ka8 26. Rc3
Rb8 27. b3 e4 28. Kf1 Kb7 29. Ke2 Rd8 30. Ke3 f5 31. Rc5 1-0

[Event "I Memorial Corrado Bitti A"]
[Site "Cagliari ITA"]
[Date "2001.03.18"]
[Round "3"]
[White "Saba, Carlo"]
[Black "Marras, Giuseppe"]
[Result "1-0"]
[WhiteElo "1695"]
[BlackElo "1734"]
[PlyCount "73"]
[EventDate "2001.03.17"]

1. e4 c5 2. Bc4 e6 3. Nc3 Nc6 4. a3 Nge7 5. d3 g6 6. Nge2 Bg7 7. Bg5 O-O 8. O-O
a6 9. Qc1 Nd4 10. Nxd4 cxd4 11. Ne2 Re8 12. f4 b5 13. Bb3 Bb7 14. Qd2 d5 15. e5
Qc7 16. Bxe7 Qxe7 17. Nxd4 f6 18. Nf3 Qc5+ 19. d4 Qb6 20. c3 fxe5 21. fxe5 Rf8
22. Kh1 Rf7 23. Ng5 Rxf1+ 24. Rxf1 b4 25. cxb4 Qb5 26. Qd1 Re8 27. Ba4 Qxf1+
28. Qxf1 Rf8 29. Qe2 Bc8 30. Kg1 Rf4 31. Qe3 Rf5 32. Bc2 Rf8 33. Nf3 Bd7 34.
Bd3 Be8 35. Bxa6 h6 36. b5 g5 37. b6 1-0

[Event "I Memorial Corrado Bitti A"]
[Site "Cagliari ITA"]
[Date "2001.03.31"]
[Round "4"]
[White "Atzeni, Franco"]
[Black "Puzzoni, Christian"]
[Result "1/2-1/2"]
[WhiteElo "1834"]
[BlackElo "1897"]
[PlyCount "108"]
[EventDate "2001.03.17"]

1. e4 e5 2. Nc3 Nf6 3. f4 d5 4. exd5 Nxd5 5. Nxd5 Qxd5 6. fxe5 Nc6 7. Nf3 Bg4
8. Be2 O-O-O 9. O-O Bc5+ 10. Kh1 Rhe8 11. c3 Nxe5 12. Nxe5 Bxe2 13. Qxe2 Rxe5
14. Qg4+ f5 15. Qg3 Qd3 16. Qxd3 Rxd3 17. b4 Bf2 18. a4 Re2 19. Ra2 Rxc3 20.
dxc3 Rxa2 21. Bf4 Rxa4 22. g4 Ra2 23. gxf5 Re2 24. Kg2 Bh4+ 25. Kf3 Rc2 26. Rc1
Rxc1 27. Bxc1 Kd7 28. Be3 Bf6 29. c4 Bc3 30. b5 a5 31. bxa6 bxa6 32. Ke4 Kc6
33. h3 a5 34. Kd3 Be5 35. Bd2 Kb6 36. Be3+ c5 37. Bc1 Kc6 38. Kc2 a4 39. Kb1
Bd4 40. Ka2 Kd6 41. Bf4+ Ke7 42. Bg5+ Kd6 43. Bf4+ Be5 44. Be3 h6 45. Ka3 Bd4
46. Bf4+ Ke7 47. Kxa4 Kf6 48. Kb5 Kxf5 49. Bd6 Ke6 50. Bxc5 Be5 51. Kc6 g5 52.
Bg1 h5 53. c5 g4 54. hxg4 hxg4 1/2-1/2

[Event "I Memorial Corrado Bitti A"]
[Site "Cagliari ITA"]
[Date "2001.03.31"]
[Round "4"]
[White "Clementini, Lorenzo"]
[Black "Basciu, Simone"]
[Result "1/2-1/2"]
[WhiteElo "1820"]
[BlackElo "2157"]
[PlyCount "24"]
[EventDate "2001.03.17"]

1. e4 c5 2. c3 Nf6 3. e5 Nd5 4. d4 cxd4 5. Nf3 e6 6. cxd4 b6 7. Nc3 Nxc3 8.
bxc3 Qc7 9. Bd2 Nc6 10. Bd3 d6 11. exd6 Bxd6 12. Qe2 Qe7 1/2-1/2

[Event "I Memorial Corrado Bitti A"]
[Site "Cagliari ITA"]
[Date "2001.03.31"]
[Round "4"]
[White "Marras, Giuseppe"]
[Black "Ibba, Isacco"]
[Result "0-1"]
[WhiteElo "1734"]
[BlackElo "1864"]
[PlyCount "136"]
[EventDate "2001.03.17"]

1. d4 d5 2. e4 e6 3. Nc3 Nf6 4. Bg5 Be7 5. e5 Nfd7 6. Bxe7 Qxe7 7. Nf3 a6 8.
Be2 c5 9. dxc5 Nc6 10. O-O Ncxe5 11. Nxe5 Nxe5 12. Qd4 Qf6 13. Rad1 O-O 14. Na4
Rb8 15. Nb6 Nd7 16. Qxf6 gxf6 17. b4 Nxb6 18. cxb6 Bd7 19. c4 Ba4 20. Rd2 dxc4
21. Bxc4 Rbc8 22. Be2 Rc6 23. Rb1 Rfc8 24. h3 Rxb6 25. Rdb2 Rc3 26. b5 a5 27.
Bd1 Bxd1 28. Rxd1 a4 29. Rdd2 Kg7 30. Kf1 f5 31. Ke1 Kf6 32. Kd1 Ke5 33. Rb4 a3
34. f4+ Kf6 35. Rc2 Rd6+ 36. Kc1 Rcd3 37. Rc7 Rd1+ 38. Kc2 R1d2+ 39. Kb3 R6d3+
40. Rc3 Rxc3+ 41. Kxc3 Rxg2 42. Ra4 Rxa2 43. Kb4 b6 44. Ra6 Rb2+ 45. Kc3 Rxb5
46. Rxa3 Rc5+ 47. Kd4 Rc1 48. Rb3 Re1 49. Rf3 Re4+ 50. Kc3 b5 51. Kc2 h5 52.
Kc3 h4 53. Kc2 Re2+ 54. Kc3 Rg2 55. Kb4 Rg3 56. Rf1 Rxh3 57. Kxb5 Re3 58. Kc4
Re4+ 59. Kd3 h3 60. Rh1 Rxf4 61. Rxh3 Ra4 62. Ke2 Ra2+ 63. Kf1 e5 64. Rb3 e4
65. Rb7 f4 66. Rb5 e3 67. Rc5 f3 68. Rc3 Ra1+ 0-1

[Event "I Memorial Corrado Bitti A"]
[Site "Cagliari ITA"]
[Date "2001.03.31"]
[Round "5"]
[White "Basciu, Simone"]
[Black "Atzeni, Franco"]
[Result "1/2-1/2"]
[WhiteElo "2157"]
[BlackElo "1834"]
[PlyCount "43"]
[EventDate "2001.03.17"]

1. d4 d5 2. Nf3 Nf6 3. c4 e6 4. Bg5 Be7 5. Nc3 c6 6. e3 O-O 7. Qc2 Nbd7 8. Rd1
dxc4 9. Bxc4 Nd5 10. Bxe7 Nxe7 11. O-O Ng6 12. Bd3 Nf6 13. Ne5 Nd5 14. a3 f5
15. Nxd5 cxd5 16. f4 Bd7 17. Rc1 Nxe5 18. fxe5 Bc6 19. Kh1 Rc8 20. Qf2 Qd7 21.
Qe2 Ba4 22. g3 1/2-1/2

[Event "I Memorial Corrado Bitti A"]
[Site "Cagliari ITA"]
[Date "2001.03.31"]
[Round "5"]
[White "Puzzoni, Christian"]
[Black "Marras, Giuseppe"]
[Result "1-0"]
[WhiteElo "1897"]
[BlackElo "1734"]
[PlyCount "133"]
[EventDate "2001.03.17"]

1. e4 g6 2. Bc4 Bg7 3. d4 d6 4. Be3 Nf6 5. Nc3 O-O 6. f3 c6 7. Bb3 e5 8. Nge2
Na6 9. Qd2 Nc7 10. Bh6 Be6 11. h4 Bxb3 12. axb3 Ne6 13. d5 cxd5 14. exd5 Bxh6
15. Qxh6 Nd4 16. Qd2 Nxe2 17. Qxe2 Nh5 18. Qf2 f5 19. Kd2 a6 20. Qe3 Rc8 21. g4
Nf4 22. h5 Qc7 23. hxg6 hxg6 24. gxf5 Rxf5 25. Rh6 Qc5 26. Qxc5 Rxc5 27. b4 Rc4
28. Ne4 Rd4+ 29. Ke3 Nxd5+ 30. Ke2 Nf4+ 31. Kf2 Kg7 32. Rah1 Rh5 33. R6xh5 Nxh5
34. c3 Rd5 35. b3 Nf6 36. Ng5 Rd3 37. Rc1 Nd5 38. Ne4 Nf4 39. Rc2 Rd1 40. c4
Kf7 41. c5 d5 42. Nd6+ Ke7 43. Nxb7 Kd7 44. Nd6 Rc1 45. Rxc1 Nd3+ 46. Ke3 Nxc1
47. Nf7 Ke6 48. c6 Nxb3 49. Nxe5 Kd6 50. Kd3 Nc1+ 51. Kc2 Ne2 52. Kd3 Nf4+ 53.
Ke3 Ne6 54. f4 Kc7 55. Nxg6 Kxc6 56. f5 Ng5 57. Kf4 Ne4 58. Ke5 Ng5 59. Ne7+
Kb5 60. Nxd5 a5 61. bxa5 Kxa5 62. f6 Kb5 63. Nc3+ Kc6 64. Ne4 Nf7+ 65. Ke6 Nh6
66. Ng3 Kc7 67. Nf5 1-0

[Event "I Memorial Corrado Bitti A"]
[Site "Cagliari ITA"]
[Date "2001.03.31"]
[Round "5"]
[White "Saba, Carlo"]
[Black "Clementini, Lorenzo"]
[Result "1-0"]
[WhiteElo "1695"]
[BlackElo "1820"]
[PlyCount "97"]
[EventDate "2001.03.17"]

1. f4 e5 2. fxe5 d6 3. Nf3 Nc6 4. e4 dxe5 5. Bb5 Bc5 6. Bxc6+ bxc6 7. d3 Bg4 8.
h3 Bh5 9. g4 Bg6 10. h4 h5 11. g5 Qd6 12. Qe2 Ne7 13. Nbd2 f6 14. Nc4 Qd7 15.
Be3 Bb6 16. O-O-O Qe6 17. Nfd2 O-O-O 18. Nb3 Rhe8 19. Kb1 Qg4 20. Qe1 Bf7 21.
Qb4 Bxc4 22. Bxb6 cxb6 23. Qxc4 Kb7 24. gxf6 gxf6 25. Rdg1 Qd7 26. Rg7 Ka8 27.
Qf7 f5 28. Qxh5 fxe4 29. dxe4 a5 30. a3 a4 31. Nc1 Qd4 32. Qg4 b5 33. Nd3 c5
34. Qe6 c4 35. Qa6+ Qa7 36. Qxa7+ Kxa7 37. Nxe5 Kb6 38. Ng4 Rd4 39. Nf6 Rf8 40.
Nh7 Re8 41. h5 Nc6 42. Ng5 b4 43. h6 b3 44. cxb3 axb3 45. h7 Red8 46. Rc1 Rd1
47. Rg8 Rxc1+ 48. Kxc1 Rd1+ 49. Kxd1 1-0

[Event "I Memorial Corrado Bitti A"]
[Site "Cagliari ITA"]
[Date "2001.04.01"]
[Round "6"]
[White "Atzeni, Franco"]
[Black "Marras, Giuseppe"]
[Result "1/2-1/2"]
[WhiteElo "1834"]
[BlackElo "1734"]
[PlyCount "128"]
[EventDate "2001.03.17"]

1. e4 g6 2. Bc4 d6 3. Ne2 Nf6 4. Nbc3 Bg7 5. d3 O-O 6. O-O Nc6 7. Ng3 Na5 8.
Bb3 c6 9. Bd2 b5 10. Nce2 Nxb3 11. axb3 Bg4 12. f3 Bd7 13. Qe1 h5 14. f4 Qb6+
15. d4 Ng4 16. e5 c5 17. h3 Nh6 18. Be3 b4 19. dxc5 dxc5 20. Qf2 Rfc8 21. Ne4
Nf5 22. Nd2 Bb5 23. Nc4 Bxc4 24. bxc4 Nxe3 25. Qxe3 Qe6 26. b3 f6 27. Ra5 fxe5
28. Rxc5 Rxc5 29. Qxc5 Qd6 30. Qxd6 exd6 31. Rd1 Bf8 32. Rd5 exf4 33. Nxf4 Kf7
34. Nd3 a5 35. Nb2 Ra6 36. Kf2 Bg7 37. Na4 Be5 38. Kf3 Ra7 39. Ke4 Bh2 40. Rb5
Re7+ 41. Kd3 Re5 42. Nb6 Rc5 43. Nd7 Rf5 44. Rxf5+ gxf5 45. Nb8 Bg1 46. Nc6 Bb6
47. Nd4 Kf6 48. Nf3 Ke6 49. Ke2 f4 50. Kd3 Kf5 51. Nd4+ Ke5 52. Nc6+ Kf5 53.
Ne7+ Ke5 54. Nd5 Bd8 55. c3 bxc3 56. Nxc3 Bb6 57. Ke2 Bc5 58. Kf3 Bb4 59. Ne2
Bd2 60. g3 fxg3 61. Nxg3 h4 62. Ne2 Be1 63. Ke3 Bb4 64. Kf3 Be1 1/2-1/2

[Event "I Memorial Corrado Bitti A"]
[Site "Cagliari ITA"]
[Date "2001.04.01"]
[Round "6"]
[White "Basciu, Simone"]
[Black "Saba, Carlo"]
[Result "1-0"]
[WhiteElo "2157"]
[BlackElo "1695"]
[PlyCount "71"]
[EventDate "2001.03.17"]

1. d4 d5 2. Nf3 Nf6 3. c4 e6 4. Bg5 Be7 5. Nc3 h6 6. Bh4 O-O 7. e3 b6 8. Rc1
Nbd7 9. cxd5 exd5 10. Bb5 Bb7 11. O-O a6 12. Ba4 c6 13. Qd3 g6 14. Rfd1 Nh5 15.
Bxe7 Qxe7 16. a3 Ng7 17. Ne2 b5 18. Bc2 Nf6 19. Ne5 Ne4 20. f3 Ng5 21. Nf4 Qd6
22. h4 N5e6 23. Nfxg6 f5 24. Nxf8 Rxf8 25. Kf2 Nh5 26. g4 Nhf4 27. exf4 Nxf4
28. Qf1 fxg4 29. Nxg4 Bc8 30. Ne5 Kh8 31. Qh1 Qf6 32. Rg1 Bf5 33. Bxf5 Qxf5 34.
Rxc6 Kh7 35. Rc7+ Kh8 36. Rgg7 1-0

[Event "I Memorial Corrado Bitti A"]
[Site "Cagliari ITA"]
[Date "2001.04.01"]
[Round "6"]
[White "Clementini, Lorenzo"]
[Black "Ibba, Isacco"]
[Result "1-0"]
[WhiteElo "1820"]
[BlackElo "1864"]
[PlyCount "120"]
[EventDate "2001.03.17"]

1. e4 d5 2. exd5 Qxd5 3. Nc3 Qa5 4. d4 Nf6 5. Bc4 Bf5 6. Bd2 c6 7. Nd5 Qd8 8.
Nxf6+ gxf6 9. Be3 Nd7 10. Bb3 Qc7 11. Qf3 Bg6 12. O-O-O Bg7 13. h4 h5 14. Nh3
O-O-O 15. Nf4 e5 16. Nxg6 fxg6 17. d5 Nb6 18. dxc6 Qxc6 19. Qxc6+ bxc6 20. Bf7
Bh6 21. Rxd8+ Kxd8 22. Bxg6 Bxe3+ 23. fxe3 Nd5 24. Kd2 Ne7 25. Bf7 Rh7 26. Be6
f5 27. Ke2 Kc7 28. Rd1 Rg7 29. Rd7+ Kb6 30. Kf2 a5 31. a4 Kc5 32. c3 Kb6 33. b4
Ka6 34. g3 Kb6 35. Bc4 axb4 36. cxb4 c5 37. Rd6+ Kc7 38. bxc5 e4 39. Bb5 Ng6
40. Ra6 Kb8 41. Be2 Ne5 42. Rb6+ Ka8 43. Re6 Nd7 44. Ra6+ Kb8 45. c6 Ne5 46.
Rb6+ Ka8 47. Rb7 Rxb7 48. cxb7+ Kxb7 49. Bxh5 Nd3+ 50. Ke2 Kc7 51. Bg6 Nc5 52.
Bxf5 Nxa4 53. Bxe4 Kd6 54. g4 Nc5 55. Ba8 Ne6 56. Kf3 Ng7 57. Be4 Ke6 58. h5
Kf6 59. g5+ Ke5 60. Bg6 Ne6 1-0

[Event "I Memorial Corrado Bitti A"]
[Site "Cagliari ITA"]
[Date "2001.04.01"]
[Round "7"]
[White "Ibba, Isacco"]
[Black "Basciu, Simone"]
[Result "1/2-1/2"]
[WhiteElo "1864"]
[BlackElo "2157"]
[PlyCount "52"]
[EventDate "2001.03.17"]

1. e4 e6 2. d4 d5 3. exd5 exd5 4. h3 Nf6 5. Nf3 Bf5 6. Bd3 Bxd3 7. Qxd3 c6 8.
O-O Be7 9. Bf4 O-O 10. Qb3 Qc8 11. Re1 Re8 12. Nbd2 Nbd7 13. Ne5 Nxe5 14. dxe5
Nd7 15. c4 Nc5 16. Qf3 dxc4 17. Nxc4 Ne6 18. Rad1 Rd8 19. Rxd8+ Qxd8 20. Rd1
Qe8 21. Nd6 Bxd6 22. Rxd6 Rd8 23. Be3 Rxd6 24. exd6 Qd7 25. Bxa7 Qxd6 26. Be3
h6 1/2-1/2

[Event "I Memorial Corrado Bitti A"]
[Site "Cagliari ITA"]
[Date "2001.04.01"]
[Round "7"]
[White "Puzzoni, Christian"]
[Black "Clementini, Lorenzo"]
[Result "0-1"]
[WhiteElo "1897"]
[BlackElo "1820"]
[PlyCount "59"]
[EventDate "2001.03.17"]

1. e4 e5 2. f4 exf4 3. Bc4 d5 4. Bxd5 Nf6 5. Nc3 Nxd5 6. Nxd5 g5 7. b3 Bg7 8.
Ba3 Nc6 9. Nf3 Bg4 10. O-O Qd7 11. c3 O-O-O 12. d4 f5 13. h3 fxe4 14. hxg4 Qxd5
15. Nh2 Qf7 16. Qc2 Rde8 17. Rae1 Qd5 18. Qe2 Kb8 19. Bc1 h5 20. gxh5 Rh6 21.
Ng4 Rhh8 22. h6 Nxd4 23. Qc4 Qxc4 24. bxc4 Bxh6 25. Nxh6 Nc2 26. Nf7 Rhf8 27.
Re2 Rxf7 28. Rxc2 e3 29. Re2 Rh7 30. Rxe3 0-1

[Event "I Memorial Corrado Bitti A"]
[Site "Cagliari ITA"]
[Date "2001.04.01"]
[Round "7"]
[White "Saba, Carlo"]
[Black "Atzeni, Franco"]
[Result "0-1"]
[WhiteElo "1695"]
[BlackElo "1834"]
[PlyCount "92"]
[EventDate "2001.03.17"]

1. f4 e5 2. fxe5 d6 3. Nf3 dxe5 4. e4 Bg4 5. Bc4 Nc6 6. h3 Bh5 7. g4 Bg6 8. d3
Bc5 9. h4 h5 10. g5 Qd7 11. Bb5 O-O-O 12. Bxc6 bxc6 13. Qe2 Qd6 14. Be3 f5 15.
Bxc5 Qxc5 16. Nc3 f4 17. Qf2 Qa5 18. O-O Re8 19. a3 Re6 20. b4 Qb6 21. Na4
Qxf2+ 22. Rxf2 Be8 23. Nc5 Re7 24. c4 Bd7 25. Rb2 Bg4 26. Kf2 Bxf3 27. Kxf3 Re8
28. Rab1 Ne7 29. a4 Ng6 30. Rh1 Kd8 31. b5 Ke7 32. a5 Rb8 33. a6 cxb5 34. cxb5
Rhc8 35. Rb3 c6 36. Nb7 cxb5 37. Rxb5 Rc6 38. Ra5 Rc3 39. Rd5 Rc6 40. Ra5 Rbc8
41. Ra3 Rb6 42. Kg2 Rc2+ 43. Kh3 Rbb2 44. Na5 Rg2 45. d4 Rg4 46. Nc6+ Ke8 0-1